| 000 | 00601nam a2200193 i 4500 | ||
|---|---|---|---|
| 001 | 141634 | ||
| 003 | ES-MaACL | ||
| 005 | 20250531213411.0 | ||
| 007 | t| | ||
| 008 | 070926s1965 sp ||||1| spa d | ||
| 100 | 1 |
_aVorgrimler, Herbert. _9115739 |
|
| 245 | 1 | 0 |
_aVida y obra de Karl Rahner / _cHerbert Vorgrimler ; traducción del P. Jesús Aguirre. |
| 260 |
_aMadrid : _bTaurus, _c1965. |
||
| 300 |
_a123 p. ; _c18 cm. |
||
| 600 | 1 | 4 |
_aRahner, Karl, _d1904-1984 _995012 |
| 700 | 1 |
_aAguirre, Jesús, _cDuque de Alba. _9125561 |
|
| 852 |
_aES-MaACL _jC-29504 _bR.59534 |
||
| 999 |
_c141634 _d141634 |
||